Devine le personnage Disney à partir de ses couleurs - par film #3 - Statistiques

Statistiques générales
  • Ce quiz a été pris 35 fois
  • Le résultat moyen est 15 sur 56
Statistiques - réponses
Par images Hint Réponse % Correct
Cendrillon Cendrillon (robe de bal)
73%
Blanche-neige et les sept nains Prof
73%
La belle au bois dormant Aurore (paysanne)
68%
Peter Pan Capitaine Crochet
68%
La petite sirène Ariel
64%
La reine des neiges Elsa
64%
Toy story Buzz l'éclair
59%
Vice-versa Dégoût
59%
Les 101 dalmatiens Cruella d'Enfer
55%
Raiponce Pascal
55%
Pinocchio Pinocchio
55%
La belle et la bête Belle (paysanne)
50%
Rox et Rouky Rouky
50%
Winnie l'ourson Tigrou
50%
Le livre de la jungle Mowgli
45%
Mulan Mulan
45%
Les aristochats Berlioz
41%
Monstres et cie Jacques Sullivan
41%
La princesse et la grenouille Tiana (princesse)
41%
Kuzco, l'empereur mégalo Yzma
41%
Dumbo Timothée
36%
Lilo & Stitch Lilo Pelekai
32%
Vaiana Maui
32%
Les aventures de Bernard et Bianca Bernard
27%
Alice au pays des merveilles Chat du Cheshire
27%
Pocahontas Pocahontas
27%
Le roi lion Rafiki
27%
Bambi Féline
23%
La belle et le clochard Jock
23%
Hercule Philoctète
23%
Le bossu de Notre-Dame Clopin
18%
Les mondes de Ralph Félix
18%
Les indestructibles Mr Indestructible / Flèche / Jack-Jack Parr
18%
Raya et le dernier dragon Sisu
18%
Volt, star malgré lui Penny
14%
Tarzan Clayton
9%
Là-haut Doug
9%
Coco Héctor Rivera
9%
Encanto Luisa Madrigal
9%
Basil, détective privé Olivia Flaversham
9%
Merlin l'enchateur Sir Hector
9%
Aladdin Sultan
9%
Robin des bois Bobby
5%
Le monde de Némo Crush
5%
Le monde de Dory Marin
5%
Oliver & compagnie Roublard
5%
WALL-E Capitaine McCrea
0%
Les nouveaux héros Cass Hamada
0%
Cars Cruz Ramirez
0%
Zootopie Dawn Bellwether
0%
Rebelle Hamish / Hubert / Harris
0%
Ratatouille Horst
0%
Mary Poppins Jane Banks
0%
Frère des ours Nanaka
0%
L'étrange Noël de monsieur Jack Stram
0%
Bienvenue chez les Robinson Wilbur Robinson
0%
Aucun quiz correspondant
Distribution des résultats
% des personnes avec chaque résultat
Percentile par nombre de réponses
Votre historique - résultats
Vous n’avez pas pris ce quiz